| 000 | 00341 a2200157 4500 | ||
|---|---|---|---|
| 001 | 48993 | ||
| 040 | _cAnchieta - Bela Vista | ||
| 100 | _aDreguer, Ricardo | ||
| 240 | 1 | 0 |
_aO surfista sertanejo _lpor |
| 245 | 1 | 0 | _aO surfista sertanejo |
| 300 | _a48 | ||
| 362 | 0 | _a2009 | |
| 440 | 1 | _aModerna | |
| 650 | 4 | _aLiteratura juvenil | |
| 942 | _cBK | ||
| 999 |
_c48993 _d48993 |
||